Premier League Teams - Statistics

General Stats
  • This quiz has been taken 35 times
  • The average score is 17 of 20
Answer Stats
Hint Answer % Correct
#1 Arsenal
100%
#4 Chelsea
100%
#10 Manchester City
100%
#11 Manchester United
100%
#9 Liverpool
97%
#18 Tottenham Hotspur
91%
#2 Aston Villa
88%
#6 Everton
88%
#12 Newcastle United
88%
#14 Southampton
88%
#20 West Ham United
88%
#8 Leicester
76%
#16 Sunderland
76%
#17 Swansea City
76%
#19 West Bromwich Albion
76%
#7 Hull City
74%
#5 Crystal Palace
71%
#3 Burnley
68%
#13 Queens Park Rangers
68%
#15 Stoke City
62%
No matching quizzes found
Score Distribution
Percent of People with Each Score
Percentile by Number Answered
Your Score History
You have not taken this quiz